The Business Environment of Family Enterprises in Slovakia - Perception of External Barriers
Vnímanie vonkajších bariér v podmienkach rodinného podnikania na Slovensku, a to aj v členení podľa vybraných charakteristických znakov. Použité matematicko-štatistické metódy deskriptívnej a induktívnej štatistiky.
Salvato in:
| Autore principale: | |
|---|---|
| Altri autori: | , , , , |
| Natura: | Capitolo di libro |
| Lingua: | inglese |
| Soggetti: | |
| Tags: |
Nessun Tag, puoi essere il primo ad aggiungerne!!
|
MARC
| LEADER | 00000naa a2200000 4500 | ||
|---|---|---|---|
| 001 | 0281119 | ||
| 005 | 20250207121817.5 | ||
| 041 | 0 | |a eng | |
| 044 | |a PL | ||
| 245 | 1 | 0 | |a The Business Environment of Family Enterprises in Slovakia - Perception of External Barriers |c Monika Naďová Krošláková, Samer Khouri, Marián Čvirik, Andrea Tomášková, Peter Drábik, Hamdi Derkawi |
| 520 | |a Vnímanie vonkajších bariér v podmienkach rodinného podnikania na Slovensku, a to aj v členení podľa vybraných charakteristických znakov. Použité matematicko-štatistické metódy deskriptívnej a induktívnej štatistiky. | ||
| 610 | 2 | 0 | |a prostredie podnikateľské |
| 610 | 2 | 0 | |a podnik rodinný |
| 610 | 2 | 0 | |a konkurencieschopnosť |
| 610 | 2 | 0 | |a Slovensko |
| 610 | 2 | 0 | |a bariéry podnikania |
| 100 | 1 | |a Naďová Krošláková, Monika, 1975- | |
| 700 | 1 | |a Khouri, Samer | |
| 700 | 1 | |a Čvirik, Marián, 1992- | |
| 700 | 1 | |a Tomášková, Andrea | |
| 700 | 1 | |a Drábik, Peter, 1981- | |
| 700 | 1 | |a Derkawi, Hamdi | |